Un Coney Island de la mente (Record no. 16632)

MARC details
000 -LEADER
campo de control de longitud fija 00956nam a2200289 4500
001 - NÚMERO DE CONTROL
campo de control 16632
003 - IDENTIFICADOR DE NÚMERO DE CONTROL
campo de control ES-MaACL
005 - FECHA Y HORA DE LA ÚLTIMA TRANSACCIÓN
campo de control 20230906151350.0
007 - CAMPO FIJO DE DESCRIPCIÓN FÍSICA--INFORMACIÓN GENERAL
campo de control de longitud fija t|
008 - DATOS DE LONGITUD FIJA--INFORMACIÓN GENERAL
campo de control de longitud fija 001020s1981 sp a ||||0| spa j
016 7# - NÚMERO DE CONTROL DE UNA AGENCIA BIBLIOGRÁFICA NACIONAL
Número de control cancelado/no válido IBH82018880
020 ## - NÚMERO INTERNACIONAL ESTÁNDAR DEL LIBRO
Número Internacional Estándar del Libro 84-7517-070-6
040 ## - FUENTE DE CATALOGACIÓN
Centro catalogador/agencia de origen IBH
Lengua de catalogación spa
Centro/agencia transcriptor M-BN-DP
080 ## - NÚMERO DE LA CLASIFICACIÓN DECIMAL UNIVERSAL
Número de la Clasificación Decimal Universal 820-14"19"
100 1# - ENTRADA PRINCIPAL--NOMBRE DE PERSONA
Nombre de persona Ferlinghetti, Lawrence.
9 (RLIN) 49304
245 13 - MENCIÓN DEL TÍTULO
Título Un Coney Island de la mente
Resto del título : = (A Coney Island of the Mind) /
Mención de responsabilidad, etc. Lawrence Ferlinghetti ; presentación y traducción [del inglés] de Carlos Bauer y Julián Marcos.
260 ## - PUBLICACIÓN, DISTRIBUCIÓN, ETC.
Lugar de publicación, distribución, etc. Madrid :
Nombre del editor, distribuidor, etc. Hiperión,
Fecha de publicación, distribución, etc. 1981.
300 ## - DESCRIPCIÓN FÍSICA
Extensión 175 p. :
Otras características físicas il. ;
Dimensiones 21 cm.
490 1# - MENCIÓN DE SERIE
Mención de serie Poesía Hiperión ;
Designación de volumen o secuencia 45
500 ## - NOTA GENERAL
Nota general Texto paralelo en inglés y español. Indice.
700 1# - ENTRADA AGREGADA--NOMBRE PERSONAL
Nombre de persona Bauer, Carlos.
9 (RLIN) 26542
700 1# - ENTRADA AGREGADA--NOMBRE PERSONAL
Nombre de persona Marcos, Julián.
9 (RLIN) 76510
830 0# - PUNTO DE ACCESO ADICIONAL DE SERIE-TÍTULO UNIFORME
Título uniforme Poesía Hiperión ;
Designación de volumen o secuencia 45
9 (RLIN) 177326
852 ## - LOCALIZACIÓN
Ubicación ES-MaACL
Número de control de estantería L-23675
Sublocalización o colección R.128887
Holdings
Estatus retirado Estado de pérdida Estado de daño No para préstamo Biblioteca de origen Biblioteca actual Ubicación en estantería Fecha de adquisición Fuente de adquisición Total de préstamos Signatura topográfica completa Código de barras Visto por última vez Precio de reemplazo Tipo de ítem Koha
        Biblioteca del Ateneo de Madrid Biblioteca del Ateneo de Madrid Depósito 2 17/01/2008     L-23675 1016894 23/02/2023 23/02/2023 Libro impreso